000 00733nam a2200253Ia 4500
003 OSt
005 20221005045605.0
006 a|||||r|||| 00| 0
007 ta
008 221004b |||||||| |||| 00| 0 ben d
020 _a8176120685 (hbk)
024 _a15359
037 _bGift, 21/01/2015,
_cTextual
040 _aCRL
_cCRL
_bben
041 _2ben
_aben
082 _aO157,3N12x, P1
100 _aBandyopdhyaya Manabendra
_9593795
245 0 _aRahasyamoy romanchakar
260 _aKolkata
_bDey Dey's Publishing India
_c2001
300 _a312p.
_ccm.
650 _aBENGALI LITERATURE
942 _hO157,3N12x, P1
_cTEXL
_2cc
999 _c955316
_d955316